| 000 | 00684cam a22002054a 4500 | ||
|---|---|---|---|
| 005 | 20250605164312.0 | ||
| 008 | 250528s ||||||||||||||||||||||||d | ||
| 035 | _a22525 | ||
| 020 | _a9780749429645 | ||
| 040 |
_aGR-AtMCL _bgre _dGR-AtMCL _eAACR2 |
||
| 245 | 1 | _aA HANDBOOK OF HUMAN RESOURCE MANAGEMENT PRACTICE | |
| 250 | _a7 | ||
| 260 |
_bKogan Page, _c1999 |
||
| 300 | _a922 | ||
| 520 | _aHRM AN OVERVIEW ORGANIZATIONAL BEHAVIOUR WORK AND EMPLOYMENT ORGANIZATION, JOBS AND ROLES HRM MANAGEMENT PROCESSES EMPLOYEE RESOURCING PERFORMANCE MANAGEMENT HRM DEVELOPMENT REWARD MANAGEMENT | ||
| 700 | 1 |
_aArmstrong Michael _91244 |
|
| 942 | _cBK | ||
| 999 |
_c7574 _d7574 |
||